Ιστορία και ναυτιλία : 16ος-20ός αιώνας
Saved in:
| Other Authors: | |
|---|---|
| Format: | Book |
| Language: | Greek |
| Published: |
Αθήνα :
Αλεξάνδρεια,
c2005.
|
| Subjects: | |
| Tags: |
Add Tag
No Tags, Be the first to tag this record!
|
MARC
| LEADER | 00000cam a2200000 i 4500 | ||
|---|---|---|---|
| 001 | 1/18976 | ||
| 008 | 120425s2005 gr | ||| |||| ||gre|| | ||
| 020 | |a 9609001076 |q (σκληρό εξώφυλλο) | ||
| 020 | |a 9602213140 |q (χαρτόδετο) | ||
| 035 | |l 10112264 | ||
| 040 | |a GR-MyUa |b gre |e AACR2 | ||
| 041 | 0 | |a gre | |
| 082 | 7 | |a 387.5 |2 (22) | |
| 245 | 0 | 0 | |a Ιστορία και ναυτιλία : |b 16ος-20ός αιώνας / |c επιμέλεια Τζελίνα Χαρλαύτη. |
| 260 | |a Αθήνα : |b Αλεξάνδρεια, |c c2005. | ||
| 300 | |a 626 σ. : |b εικ., πίν. ; |c 24 εκ. | ||
| 504 | |a Περιλαμβάνει βιβλιογραφικές παραπομπές. | ||
| 650 | 0 | |a Merchant marine |x History. | |
| 700 | 1 | |a Χαρλαύτη, Τζελίνα, |d 1958- |e edtf | |
| 852 | |a INST |b CHIOS |e 20120425 |h 387.5 ΙΣΤ |p 005200032863 |q 005200032863 |t BK |y 0 | ||
| 852 | |a INST |b CHIOS |e 20131104 |h 387.5 ΙΣΤ |p 005200036516 |q 005200036516 |t BK |y 4 |x 20151116 | ||
| 852 | |a INST |b CHIOS |e 20131104 |h 387.5 ΙΣΤ |p 005200036517 |q 005200036517 |t BK |y 0 | ||
| 852 | |a INST |b CHIOS |c EUDOXUS |e 20130603 |h 387.5 ΙΣΤ |p 005200035273 |q 005200035273 |t EDX |y 0 | ||
| 852 | |a INST |b CHIOS |c EUDOXUS |e 20151109 |h 387.5 ΙΣΤ |p 005200037329 |q 005200037329 |t EDX |y 0 | ||
| 852 | |a INST |b CHIOS |c EUDOXUS |e 20151125 |h 387.5 ΙΣΤ |p 005200037348 |q 005200037348 |t EDX |y 0 | ||
| 852 | |a INST |b CHIOS |c EUDOXUS |e 20170515 |h 387.5 ΙΣΤ |p 005200037807 |q 005200037807 |t EDX |y 0 | ||
| 852 | |a INST |b CHIOS |c EUDOXUS |e 20180829 |h 387.5 ΙΣΤ |p 005200038741 |q 005200038741 |t EDX |y 0 | ||
| 852 | |a INST |b SYROS |c EUDOXUS |e 20180531 |h 387.5 ΙΣΤ |p 005500013437 |q 005500013437 |t EDX |y 0 | ||
| 920 | |a Εύδοξος |b Επιστροφή |y Χίος |z 2015-11 | ||
| 920 | |a Εύδοξος |b Παραγγελία |y Χίος-ΤΝΕΥ |z 2013-05 | ||
| 920 | |a Εύδοξος |b Δωρεά |y Χίος |z 2013-11 | ||
| 920 | |a Εύδοξος |b Επιστροφή |y Χίος |z 2015-10 | ||
| 920 | |a Εύδοξος |b Παραγγελία |y Σύρος-ΤΜΣΠΣ |z 2018-05 | ||
| 920 | |a Εύδοξος |b Επιστροφή |y Χίος |z 2018-08 | ||
| 970 | |a Πουλάκη |b Στέλλα |z 25/04/2012 | ||